| 000 | 01121nam a22003017a 4500 | ||
|---|---|---|---|
| 999 |
_c46041 _d46041 |
||
| 001 | 19679 | ||
| 003 | CO-MdFUSB | ||
| 005 | 20170802092632.0 | ||
| 008 | 170522t1966 e ||||| |||| 00| 0 eng d | ||
| 040 |
_aCO-MdFUSB _bspa _cCO-MdFUSB _dCO-MdFUSB _erda |
||
| 041 | _aeng | ||
| 082 |
_224 _aG 221.9 _bAL465e |
||
| 100 | 1 |
_aAlt, Albrecht _eautor |
|
| 245 | 0 | 0 |
_aEssays on Old Testament history and religion _c/ Albrecht Alt ; Traducido por R. A. Wilson |
| 264 | 1 |
_aOxford, England : _bBasil Blackwell, _c℗[1966] |
|
| 264 | 4 | _c©1966 | |
| 300 | _a274 páginas | ||
| 336 |
_2rdacontent _a1 _ba1 |
||
| 337 |
_2rdamedia _a2 _b5 |
||
| 338 |
_2rdacarrier _a2 _b5 |
||
| 500 | _aTítulo original en alemán: Kleine Schriften zur Geschichte des Volkes Israel | ||
| 501 | _aIncluye índices (p. 261-274) | ||
| 505 | 0 | 0 | _aEl Dios de los padres - Los orígenes de la ley israelita - El asentamiento de los israelitas en Palestina - La formación del Estado de Israel en Palestina - La monarquía en Israel y Judá |
| 563 | _aPasta dura | ||
| 653 | _aBiblia - Antiguo Testamento | ||
| 942 | _cBK | ||